000
00325nam a2200133Ia 4500
005
20260326235443.0
008
260326s9999||||xx |||||||||||||| ||und||
100
_a
Marín, Mario
245
0
_a
Poliedros /
_c
Mario Marín
260
_b
Universidad de Antioquia
300
_a
137 p.
650
_a
DISEÑO INDUSTRIAL
942
_c
BK
999
_c
7481
_d
7481